|
|
|
|
| LEADER |
00829nam a22002051 4500 |
| 001 |
c000208040 |
| 003 |
CARM |
| 005 |
20021125002100.0 |
| 008 |
851211n enk 0 eng d |
| 019 |
1 |
|
|a 4178118
|5 LACONCORD2021
|
| 035 |
|
|
|a (OCoLC)219883866
|5 LACONCORD2021
|
| 100 |
1 |
|
|a Somervell, D. C.
|q (David Churchill),
|d 1885-1965.
|
| 245 |
1 |
0 |
|a One hundred)100 years in pictures /
|c a panorama of history in the making. With text by D.C.Somervell.
|
| 260 |
|
|
|a Lond. :
|b Odhams,
|c 1951.
|
| 650 |
|
0 |
|a History, Modern
|y 20th century.
|
| 650 |
|
0 |
|a History, Modern
|y 19th century.
|
| 852 |
8 |
|
|b CARM
|h A2:AL27G0
|i C08185
|p 0289931
|f BK
|
| 082 |
0 |
4 |
|a 909
|
| 999 |
f |
f |
|i eb8f6635-95f0-54e6-bfbf-b066e2b08798
|s 48f9c57f-1676-5d7b-b5dd-b7f5dd1024be
|
| 952 |
f |
f |
|p Can circulate
|a CAVAL
|b CAVAL
|c CAVAL
|d CARM 1 Store
|e C08185
|f A2:AL27G0
|h Other scheme
|i book
|m 0289931
|